| 000 | 00923nam a22002417a 4500 | ||
|---|---|---|---|
| 999 |
_c63391 _d63391 |
||
| 005 | 20240530110638.0 | ||
| 008 | 171004s2016 ua a g b 000 0 ara d | ||
| 017 |
_a2015/14858 _bمصر. دار الكتب |
||
| 020 | _a9789777353175 | ||
| 040 |
_aEG-CaGPL _cEG-CaGPL |
||
| 082 | 0 | 4 |
_221 _a541.38\ _bو ك |
| 100 | 0 | _aوفاء ضياءالدين المسيرى . | |
| 245 | 1 | 2 |
_aالكيمياء النووية / _cوفاء ضياءالدين المسيرى . |
| 250 | _aط.1 | ||
| 260 |
_aالاسكندرية : _bدار الوفاء لدنيا الطباعة و النشر ، _c2016 . |
||
| 300 |
_a634 ص ؛ _c24 سم. |
||
| 504 | _aببليوجرافية : ص 615 - 631 | ||
| 650 | 0 | 7 |
_2qrmak _aالكيمياء النووية . |
| 650 | 0 | 7 |
_2qrmak _aالكيمياء الاشعاعية . |
| 650 | 0 | 7 |
_2qrmak _aالتلوث الاشعاعى . |
| 942 |
_2ddc _cBK |
||